00759nam a2200253 a 4500001001300000003000900013005001700022008004100039020001000080082001800090100001800108245005700126260004200183300000900225500003500234505002400269650002100293650002200314700001800336902000800354942000700362952011900369999001700488nice12345678IN_TiNIC20260116013512.0050524s1998 dela grp 000 0 eng  ac42500a294.3925bSHA aShaw, Miranda aPassionate Enlightenmentb Women in Tantric Buddhism aDelhibMunshiram Manoharlal Pubc1998 a291p aincludes index and biblioraphy2 aBibliography, Index aBuddhism-Tantric aWomen in Buddhism1 aShaw, Miranda bSRS cBK 001040708StackRoom-aHMIbHMId2007-07-20g425.00l0o294.3925 SHAp019546r2007-07-20v425.00w2005-05-24yBK c11239d11239